000 00991cab a2200289 4500
001 ABS60701
008 090401t1999 xxu||||| |||| 00| 0 eng d
035 _a(Sirsi) u99924
041 _aeng
100 _aSeidl, A.
245 _aBefore the clampdown
260 _c1999
350 _a0
490 _aEstates Gazette
_v(9921) 29 May 1999, 58-60(3)
520 _aThe RICS and the British Property Federation and other groups launch a joint initiative to lobby government over parking taxes and road pricing as local authorities finalise their transport plans. These organisations are concerned over implementation of these policies but support the aims of government policy.
650 _aBPF
650 _aCONGESTION
650 _aLOCAL AUTHORITIES
650 _aLOCAL TRANSPORT PLANS
650 _aPARKING TAX
650 _aRICS
650 _aROAD PRICING
650 _aTRANSPORT PLANS
690 _aTRANSPORT AND COMMUNICATIONS
942 _n0
948 _c02/06/1999
999 _c60011
_d60011